000 00773na a2200265 4500
001 14388
003 MIRAKIL
005 20181213155031.0
008 160904b tu 000 0
020 _a9758356283
035 _a14388
040 _aMilas
_btur
_cTR-AnCHP
082 _a923.9 Ziya,G.
_bŞ33z 2003
090 _a923.9 Ziya,G. Ş33z 2003
100 _aŞehsuvaroğlu, Lütfü
245 _aZiya Gökalp
_cLütfü Şehsuvaroğlu
260 _aAnkara
_bAlternatif Yayınları
_c2003
300 _a256 s.
_c21 sm.
490 _aBiyografi dizisi
_v15
490 _aAlternatif yayınları
_v20
600 _aGökalp, Ziya
_d1876-1924
_xDerlemeler
600 _aGökalp, Ziya
_d1876-1924
_xDerlemeler
650 _aTürk yazarlar
_xDerlemeler
942 _2ddc
_cBKS
999 _c5237
_d5237